[Event "BL 8081 Porz-Frankfurt"]
[Site "?"]
[Date "1981.??.??"]
[Round "?.5"]
[White "Troeger, P."]
[Black "Haakert, J."]
[Result "1/2-1/2"]
[WhiteElo "2330"]
[BlackElo "2205"]
[PlyCount "21"]
[EventDate "1981.??.??"]

1. d4 Nf6 2. Nf3 g6 3. g3 Bg7 4. Bg2 O-O 5. O-O d6 6. Nc3 Nc6 7. e4 e5 8. dxe5
Nxe5 9. Nxe5 dxe5 10. Qxd8 Rxd8 11. Bg5 1/2-1/2

[Event "BL 8081 Porz-Frankfurt"]
[Site "?"]
[Date "1981.??.??"]
[Round "?.6"]
[White "Zilber, I."]
[Black "Gerusel, M."]
[Result "1/2-1/2"]
[WhiteElo "2430"]
[BlackElo "2370"]
[PlyCount "32"]
[EventDate "1981.??.??"]

1. Nf3 d5 2. d4 Nf6 3. c4 dxc4 4. e3 Bg4 5. Bxc4 e6 6. O-O a6 7. h3 Bh5 8. b3
c5 9. dxc5 Qxd1 10. Rxd1 Bxc5 11. Bb2 Nbd7 12. Be2 O-O 13. Nc3 Rfd8 14. g4 Bg6
15. Nh4 Rac8 16. Nxg6 hxg6 1/2-1/2

[Event "BL 8081 Solingen-Delmenhorst"]
[Site "?"]
[Date "1981.??.??"]
[Round "?.2"]
[White "Meyer, CD."]
[Black "Kavalek, L."]
[Result "1/2-1/2"]
[WhiteElo "2250"]
[BlackElo "2550"]
[PlyCount "39"]
[EventDate "1981.??.??"]

1. e4 c5 2. Nf3 e6 3. d3 Nc6 4. g3 g6 5. Bg2 Bg7 6. O-O Nge7 7. c3 e5 8. Be3 d6
9. Na3 O-O 10. Nc2 h6 11. Qd2 Kh7 12. d4 exd4 13. cxd4 d5 14. exd5 Nxd5 15.
dxc5 Nxe3 16. Nxe3 Qxd2 17. Nxd2 Bxb2 18. Rab1 Bd4 19. Ne4 Rb8 20. Rfc1 1/2-1/2

[Event "BL 8081 Solingen-Delmenhorst"]
[Site "?"]
[Date "1981.??.??"]
[Round "?.4"]
[White "Juhnke, K."]
[Black "Lehmann, H."]
[Result "1-0"]
[WhiteElo "2305"]
[BlackElo "2345"]
[PlyCount "101"]
[EventDate "1981.??.??"]

1. d4 Nf6 2. c4 e6 3. Nc3 Bb4 4. e3 b6 5. Nge2 Ba6 6. a3 Bxc3+ 7. Nxc3 d5 8. b3
O-O 9. a4 dxc4 10. Ba3 Re8 11. bxc4 Nc6 12. Be2 e5 13. d5 Na5 14. Nb5 c6 15.
Nd6 Re7 16. dxc6 Nxc6 17. Qc2 Rd7 18. Rd1 Na5 19. O-O Nb7 20. Bf3 Nxd6 21. Bxa8
Nxc4 22. Rxd7 Nxd7 23. Qd3 Qxa8 24. Qxd7 Nxa3 25. Rd1 h6 26. Qe7 Qe4 27. Qxa3
Qc2 28. Rc1 Qe2 29. Qc3 e4 30. Qc6 g6 31. Qe8+ Kg7 32. Qxe4 g5 33. h3 Qd2 34.
Qd4+ Qxd4 35. exd4 Bd3 36. Rc7 a5 37. Rc6 b5 38. axb5 Bxb5 39. Rc5 Bd3 40. Rxa5
Kf6 41. Re5 h5 42. h4 Bf5 43. hxg5+ Kxg5 44. d5 Kf6 45. Re3 Bd7 46. Kh2 Bb5 47.
Kg3 Kg5 48. Re5+ f5 49. f4+ Kf6 50. Kh4 Bf1 51. g3 1-0

[Event "BL 8081 Solingen-Delmenhorst"]
[Site "?"]
[Date "1981.??.??"]
[Round "?.5"]
[White "Friehoff, H."]
[Black "Dornieden, M."]
[Result "1-0"]
[WhiteElo "2240"]
[BlackElo "2320"]
[PlyCount "81"]
[EventDate "1981.??.??"]

1. d4 g6 2. c4 Bg7 3. Nc3 d6 4. Nf3 Bg4 5. g3 Bxf3 6. exf3 Nc6 7. d5 Nd4 8. h4
e5 9. dxe6 Nxe6 10. Bh3 Nf6 11. O-O O-O 12. Be3 Nd7 13. Rc1 Ne5 14. b3 Nc6 15.
f4 Ncd4 16. h5 f5 17. Nb5 Nxb5 18. cxb5 a6 19. hxg6 hxg6 20. Bg2 axb5 21. Bxb7
Rxa2 22. b4 Re8 23. Bc6 Re7 24. Qd5 Ra3 25. Rce1 Kf8 26. Bc1 Rc3 27. Bb2 Rxc6
28. Bxg7+ Kxg7 29. Qxc6 Nd4 30. Qd5 Ne2+ 31. Kg2 Qd7 32. Rh1 Qe6 33. Qd2 d5 34.
Kf1 Qe4 35. Rh3 Nxg3+ 36. fxg3 Qf3+ 37. Kg1 Re4 38. Rxe4 fxe4 39. Qd4+ Kf7 40.
Rh7+ Ke6 41. Qe5# 1-0

[Event "BL 8081 Katernberg-Wilmersdorf"]
[Site "?"]
[Date "1981.??.??"]
[Round "?.2"]
[White "Teschner, R."]
[Black "Rosen, W."]
[Result "0-1"]
[WhiteElo "2415"]
[BlackElo "2310"]
[PlyCount "74"]
[EventDate "1981.??.??"]

1. d4 Nf6 2. Nf3 g6 3. c4 Bg7 4. Nc3 d6 5. e4 O-O 6. Be2 e5 7. O-O Nc6 8. d5
Ne7 9. Ne1 Nd7 10. Be3 f5 11. f3 f4 12. Bf2 g5 13. Nd3 Nf6 14. c5 h5 15. Rc1 g4
16. Kh1 Ng6 17. cxd6 cxd6 18. Nb5 g3 19. Nc7 Rb8 20. hxg3 fxg3 21. Bxg3 h4 22.
Bf2 Nh5 23. Kh2 Ng3 24. Re1 Bh6 25. Rc2 Nf4 26. Bf1 Rf7 27. Bxa7 Nxd3 28. Bxd3
Bf4 29. Kg1 Rxc7 30. Bxb8 Rxc2 31. Qxc2 h3 32. Qc7 h2+ 33. Kxh2 Ne2+ 34. g3
Qh4+ 35. Kg2 Qxg3+ 36. Kf1 Qg1+ 37. Kxe2 Qg2+ 0-1

[Event "BL 8081 Delmenhorst-Katernberg"]
[Site "?"]
[Date "1981.??.??"]
[Round "?.2"]
[White "Rosen, W."]
[Black "Meyer, CD."]
[Result "0-1"]
[WhiteElo "2310"]
[BlackElo "2250"]
[PlyCount "95"]
[EventDate "1981.??.??"]

1. e4 c5 2. Nf3 d6 3. d4 cxd4 4. Nxd4 e6 5. Nc3 Be7 6. Be3 Nf6 7. Be2 O-O 8. f4
Nc6 9. Nb3 a5 10. a4 e5 11. O-O Nb4 12. Bf3 Bd7 13. Rf2 Qc7 14. Kh1 Bc6 15. Rd2
b6 16. Qg1 Rab8 17. g3 Qb7 18. Qg2 Rfe8 19. g4 exf4 20. Bxf4 Nd7 21. Nd4 Ne5
22. Nxc6 Qxc6 23. Be2 Red8 24. Bb5 Qc7 25. Nd1 Ng6 26. Bg3 Bg5 27. Rf2 Rbc8 28.
c3 Nc6 29. Rf5 h6 30. h4 Bxh4 31. Ne3 Nce7 32. Raf1 Bg5 33. Nd5 Nxd5 34. Rxd5
Bf6 35. Rfd1 Be5 36. Bxe5 dxe5 37. Rd7 Rxd7 38. Rxd7 Qc5 39. g5 Qe3 40. gxh6
Qxh6+ 41. Kg1 Qe3+ 42. Qf2 Qg5+ 43. Kf1 Nf4 44. Ke1 Rd8 45. Qxb6 Rxd7 46. Bxd7
Qg3+ 47. Kd1 Qd3+ 48. Kc1 0-1

[Event "BL 8081 Wilmersdorf-Solingen"]
[Site "?"]
[Date "1981.??.??"]
[Round "?.1"]
[White "Lieb, H."]
[Black "Spassky, B."]
[Result "0-1"]
[WhiteElo "2285"]
[BlackElo "2635"]
[PlyCount "94"]
[EventDate "1981.??.??"]

1. d4 Nf6 2. c4 e6 3. Nf3 d5 4. Nc3 Be7 5. g3 O-O 6. Bg2 Nbd7 7. cxd5 exd5 8.
O-O c6 9. Qc2 Re8 10. a3 Nb6 11. Bg5 h6 12. Bxf6 Bxf6 13. e3 g6 14. Na4 Nc4 15.
b3 Bf5 16. Qd1 Nd6 17. Rc1 Rc8 18. Nc5 Qa5 19. Nd3 Qa6 20. Nfe5 Bg7 21. a4 Qb6
22. Re1 a5 23. h3 Qd8 24. g4 Be4 25. Qd2 f6 26. Nf3 g5 27. Nh2 Bg6 28. f4 Ne4
29. Bxe4 dxe4 30. f5 Bf7 31. Nf2 Bf8 32. Qb2 Bb4 33. Re2 Qd6 34. Qb1 Qg3+ 35.
Kh1 Bd6 36. Nd1 Qxh3 37. Kg1 h5 38. Rg2 Bxh2+ 39. Rxh2 Qg3+ 40. Rg2 Qe1+ 41.
Kh2 Kg7 42. Nf2 Qxe3 43. Kg1 Bd5 44. gxh5 Qf3 45. h6+ Kh8 46. Nh1 e3 47. Rh2
Re4 0-1

[Event "BL 8081 Wilmersdorf-Solingen"]
[Site "?"]
[Date "1981.??.??"]
[Round "?.3"]
[White "Bilek, M."]
[Black "Hecht, H."]
[Result "1/2-1/2"]
[WhiteElo "2225"]
[BlackElo "2475"]
[PlyCount "65"]
[EventDate "1981.??.??"]

1. d4 e6 2. Nf3 Nf6 3. c4 Bb4+ 4. Nbd2 b6 5. a3 Bxd2+ 6. Qxd2 O-O 7. g3 Bb7 8.
Bg2 d6 9. O-O Qe7 10. b4 Nbd7 11. Bb2 Ne4 12. Qc2 f5 13. Ne1 c5 14. dxc5 bxc5
15. Nf3 Ndf6 16. b5 Rad8 17. a4 e5 18. Ra3 g5 19. Nd2 Nxd2 20. Qxd2 f4 21. Qc2
Bxg2 22. Kxg2 Qe6 23. a5 Rd7 24. a6 d5 25. cxd5 Qxd5+ 26. Kg1 c4 27. Qf5 Ne4
28. Qg4 Rg7 29. b6 axb6 30. a7 c3 31. Bxc3 Nxc3 32. Rxc3 Rxa7 33. Qxg5+ 1/2-1/2

[Event "BL 8081 Wilmersdorf-Solingen"]
[Site "?"]
[Date "1981.??.??"]
[Round "?.4"]
[White "Lehmann, H."]
[Black "Jahr, U."]
[Result "1-0"]
[WhiteElo "2345"]
[BlackElo "2230"]
[PlyCount "101"]
[EventDate "1981.??.??"]

1. d4 d5 2. c4 c6 3. Nc3 Nf6 4. e3 Bf5 5. cxd5 cxd5 6. Qb3 Qd7 7. Nf3 e6 8. Ne5
Qc8 9. Bd2 Nfd7 10. f4 Nxe5 11. fxe5 Be7 12. Be2 O-O 13. O-O Nc6 14. Rac1 Qd7
15. Na4 f6 16. exf6 Rxf6 17. Be1 Rg6 18. Bg3 Na5 19. Qd1 Bd6 20. Nc5 Qe7 21.
Bxd6 Qxd6 22. b3 b6 23. Nd3 Bxd3 24. Bxd3 Rh6 25. g3 Rf8 26. Rxf8+ Qxf8 27. Qc2
Nb7 28. Qc7 Nd6 29. Rf1 Nf7 30. Qxa7 Rf6 31. Qxb6 Rxf1+ 32. Bxf1 Ng5 33. Bg2
Nf3+ 34. Bxf3 Qxf3 35. Qxe6+ Kf8 36. Qd6+ Ke8 37. Qf4 Qd1+ 38. Qf1 Qc2 39. Qf2
Qb1+ 40. Kg2 Qe4+ 41. Qf3 Qc2+ 42. Kh3 Qc8+ 43. Qg4 Qc6 44. Qf4 Qc8+ 45. g4 Qc1
46. Qf2 Qd1 47. Kg3 g5 48. b4 h6 49. h3 Ke7 50. Kg2 Qb1 51. Qd2 1-0

[Event "BL 8081 1pl Solingen-Porz"]
[Site "?"]
[Date "1981.??.??"]
[Round "?.3"]
[White "Sigurjonsson, G."]
[Black "Hecht, H."]
[Result "1/2-1/2"]
[WhiteElo "2435"]
[BlackElo "2475"]
[PlyCount "75"]
[EventDate "1981.??.??"]

1. e4 e5 2. Nf3 Nc6 3. Bb5 f5 4. Nc3 fxe4 5. Nxe4 Nf6 6. Qe2 d5 7. Nxf6+ gxf6
8. d4 Bg7 9. dxe5 O-O 10. e6 Re8 11. O-O Rxe6 12. Be3 Ne5 13. Nd4 Re7 14. Rad1
c6 15. Bd3 Nxd3 16. Qxd3 Qe8 17. Nf5 Bxf5 18. Qxf5 Qg6 19. Qxg6 hxg6 20. Rfe1
Rae8 21. Kf1 f5 22. c3 b6 23. Bg5 Rxe1+ 24. Rxe1 Rxe1+ 25. Kxe1 Kf7 26. Kd2 c5
27. Bf4 b5 28. Bd6 c4 29. Bc5 Bh6+ 30. Kc2 a6 31. Bd4 Ke6 32. h3 Bf4 33. g3 Be5
34. Bb6 f4 35. g4 g5 36. f3 Bf6 37. Bc5 Be7 38. Bd4 1/2-1/2

[Event "BL 8081 1pl Solingen-Porz"]
[Site "?"]
[Date "1981.??.??"]
[Round "?.4"]
[White "Lehmann, H."]
[Black "Schmidt, B."]
[Result "1-0"]
[WhiteElo "2345"]
[BlackElo "2375"]
[PlyCount "81"]
[EventDate "1981.??.??"]

1. d4 d5 2. c4 c6 3. Nc3 Nf6 4. e3 g6 5. Nf3 Bg7 6. b4 O-O 7. Bb2 Bg4 8. Qb3
Bxf3 9. gxf3 Nbd7 10. f4 a5 11. cxd5 axb4 12. Qxb4 Nxd5 13. Nxd5 cxd5 14. Be2
e6 15. a4 Nf6 16. O-O Ne4 17. f3 Nd6 18. Ba3 Nf5 19. Qb3 g5 20. Bxf8 Kxf8 21.
fxg5 Qxg5+ 22. Kh1 Qxe3 23. Qxb7 Rd8 24. Qc7 Bf6 25. Bb5 Qxd4 26. Rac1 Qh4 27.
Bd3 Nd6 28. a5 Qf4 29. a6 Re8 30. Rb1 Be5 31. Qc2 Bd4 32. Qc1 Be3 33. Qc7 Re7
34. Rb8+ Ne8 35. Qxf4 Bxf4 36. Ra8 Be3 37. Bb5 f5 38. Re1 f4 39. Bxe8 Rxe8 40.
Rxe8+ Kxe8 41. Rxe3 1-0

[Event "BL 8081 1pl Solingen-Porz"]
[Site "?"]
[Date "1981.??.??"]
[Round "?.5"]
[White "Reefschlaeger, H."]
[Black "Friehoff, H."]
[Result "0-1"]
[WhiteElo "2400"]
[BlackElo "2240"]
[PlyCount "64"]
[EventDate "1981.??.??"]

1. d4 Nf6 2. g3 d5 3. c4 Bf5 4. Nc3 e6 5. Qb3 Nc6 6. Be3 Na5 7. Qa4+ c6 8. c5
Be7 9. Nf3 O-O 10. Bg5 Nc4 11. b3 Nb6 12. Qa5 Qc8 13. e3 Nbd7 14. Rc1 h6 15.
Bf4 Ne8 16. h4 f6 17. h5 Bg4 18. Nh2 Bxh5 19. e4 e5 20. Be3 b6 21. Qa6 exd4 22.
Bxd4 Qxa6 23. Bxa6 bxc5 24. Bb7 Rb8 25. Bxc6 cxd4 26. Nxd5 Ba3 27. Rb1 Ne5 28.
Ba4 Nf3+ 29. Nxf3 Bxf3 30. Rh4 g5 31. Rxh6 Kg7 32. Bxe8 Kxh6 0-1

[Event "BL 8081 1pl Solingen-Porz"]
[Site "?"]
[Date "1981.??.??"]
[Round "?.6"]
[White "Lau, R."]
[Black "Troeger, P."]
[Result "1/2-1/2"]
[WhiteElo "2405"]
[BlackElo "2330"]
[PlyCount "65"]
[EventDate "1981.??.??"]

1. d4 Nf6 2. c4 e6 3. Nf3 d5 4. Bg5 Be7 5. Nc3 O-O 6. e3 Ne4 7. Bxe7 Qxe7 8.
Qc2 Nxc3 9. Qxc3 c6 10. Bd3 dxc4 11. Bxc4 Nd7 12. O-O b6 13. e4 Bb7 14. Rfe1 c5
15. d5 exd5 16. exd5 Qd6 17. Ng5 Rae8 18. Qg3 Qxg3 19. hxg3 Nf6 20. d6 Bd5 21.
Bxd5 Nxd5 22. Ne4 f5 23. Ng5 Rxe1+ 24. Rxe1 Rd8 25. Re6 h6 26. Nf3 Kf7 27. Re5
Rxd6 28. Rxf5+ Nf6 29. Re5 Rd1+ 30. Re1 Rxe1+ 31. Nxe1 Ke6 32. Kf1 Kd5 33. Ke2
1/2-1/2

[Event "BL 8081 1pl Solingen-Porz"]
[Site "?"]
[Date "1981.??.??"]
[Round "?.7"]
[White "Gerusel, M."]
[Black "Dueball, J."]
[Result "0-1"]
[WhiteElo "2370"]
[BlackElo "2445"]
[PlyCount "82"]
[EventDate "1981.??.??"]

1. d4 Nf6 2. c4 b6 3. Nc3 Bb7 4. Qc2 d5 5. cxd5 Nxd5 6. e4 Nxc3 7. bxc3 g6 8.
f4 Bg7 9. Nf3 O-O 10. Be3 c5 11. d5 Nd7 12. Rd1 c4 13. Bd4 b5 14. a4 a6 15. Rb1
Qc7 16. g3 e6 17. axb5 axb5 18. dxe6 fxe6 19. Bxg7 Kxg7 20. Nd4 Nc5 21. Rxb5
Ra1+ 22. Ke2 Re8 23. Qb2 Ra7 24. Bg2 e5 25. fxe5 Rxe5 26. Rb1 Bxe4 27. Bxe4
Rxe4+ 28. Kf1 Nd3 29. Qg2 Qe7 30. Nf3 Qf7 31. Kg1 Rae7 32. Rf1 Qf6 33. Nd4 Re1
34. Rb1 Rxb1 35. Rxb1 Qe5 36. h3 Qe3+ 37. Kh2 Ne1 38. Qf1 Qxc3 39. Ne2 Nf3+ 40.
Kg2 Qd3 41. Rb2 Nd2 0-1

[Event "BL 8182 FH Hamburg-Delmenhorst"]
[Site "?"]
[Date "1981.??.??"]
[Round "?.1"]
[White "Juhnke, K."]
[Black "Wockenfuss, K."]
[Result "0-1"]
[WhiteElo "2320"]
[BlackElo "2380"]
[PlyCount "98"]
[EventDate "1981.??.??"]

1. d4 Nf6 2. c4 e6 3. Nc3 Bb4 4. e3 c5 5. Bd3 Nc6 6. Nf3 Bxc3+ 7. bxc3 d6 8. e4
e5 9. d5 Ne7 10. Nd2 Qa5 11. Qc2 h6 12. Nf1 Ng6 13. g3 Bh3 14. Ne3 O-O-O 15. f3
Bd7 16. Rb1 Rde8 17. Qb3 Qa6 18. Bc2 h5 19. Kf2 h4 20. g4 Nf4 21. Qa3 Qxa3 22.
Bxa3 Nh7 23. Bc1 Ng5 24. Ng2 Ngh3+ 25. Kf1 g6 26. Bxf4 exf4 27. Bd3 Re5 28. Re1
Kc7 29. Rb1 a6 30. Ne1 f5 31. exf5 gxf5 32. gxf5 Bxf5 33. Bxf5 Rxf5 34. Kg2 Ng5
35. Nd3 Re8 36. Rhe1 Re3 37. Rxe3 h3+ 38. Kf2 fxe3+ 39. Ke2 Nxf3 40. Rf1 Nh4
41. Rf4 Rh5 42. Rf7+ Kb8 43. Kxe3 Ng2+ 44. Kf3 Rh4 45. Nf4 Ne1+ 46. Kg3 Rh8 47.
Nxh3 Nd3 48. Ng5 Ne5 49. Rf4 Rg8 {ZÜ} 0-1

[Event "BL 8182 FH Hamburg-Delmenhorst"]
[Site "?"]
[Date "1981.??.??"]
[Round "?.2"]
[White "Cording, H."]
[Black "Hermann, Man"]
[Result "1/2-1/2"]
[WhiteElo "2320"]
[BlackElo "2380"]
[PlyCount "43"]
[EventDate "1981.??.??"]

1. d4 d5 2. c4 dxc4 3. Nf3 Nf6 4. e3 e6 5. Bxc4 c5 6. O-O cxd4 7. exd4 Be7 8.
Nc3 O-O 9. Re1 Nc6 10. a3 a6 11. Ba2 Nd5 12. Nxd5 exd5 13. Ne5 Bf6 14. Bf4 Be6
15. Qd2 Rc8 16. Rac1 Qb6 17. Nxc6 Rxc6 18. Rxc6 Qxc6 19. Rc1 Qb6 20. Rc5 Be7
21. Rc3 Bf6 22. Rc5 1/2-1/2

[Event "BL 8182 FH Hamburg-Delmenhorst"]
[Site "?"]
[Date "1981.??.??"]
[Round "?.3"]
[White "Meyer, CD."]
[Black "Rosin, W."]
[Result "1-0"]
[WhiteElo "2285"]
[BlackElo "2265"]
[PlyCount "135"]
[EventDate "1981.??.??"]

1. e4 c6 2. d4 d5 3. exd5 cxd5 4. Bd3 Nc6 5. c3 Nf6 6. Bf4 g6 7. Nf3 Bg7 8. O-O
O-O 9. Nbd2 Nh5 10. Be3 f5 11. Nb3 f4 12. Bd2 Bg4 13. Be2 Qd6 14. Re1 Rad8 15.
Nc5 Bc8 16. Nd3 Bg4 17. Nfe5 Bxe2 18. Qxe2 Nxe5 19. Nxe5 a6 20. Nd3 Rf7 21. f3
Qb6 22. a4 a5 23. Kh1 Rd6 24. Nc5 g5 25. Qb5 Bf6 26. Re2 Qxb5 27. axb5 b6 28.
Nd3 Rf8 29. b4 axb4 30. Nxb4 Rc8 31. Nc6 Rdxc6 32. bxc6 Rxc6 33. Ree1 Ng7 34.
Ra6 Nf5 35. Rb1 Re6 36. Raxb6 Re2 37. R6b2 e5 38. dxe5 Bxe5 39. Be1 Re3 40. Rd2
Ne7 41. Rc2 h6 42. Rd1 Kf7 43. Bf2 Rxc3 44. Rxc3 Bxc3 45. Bc5 d4 46. Bxd4 Bxd4
47. Rxd4 Kg6 48. Rd6+ Kh5 49. g4+ fxg3 50. hxg3 g4 51. f4 Nf5 52. Rd3 Kg6 53.
Kg2 Kh5 54. Kf2 Kg6 55. Rd5 Kf6 56. Ra5 Kg6 57. Ra6+ Kh5 58. Ra8 Kg6 59. Rf8
Nd4 60. Ke3 Nf5+ 61. Ke4 Nxg3+ 62. Ke5 Kg7 63. Ra8 Nh5 64. f5 g3 65. Ra6 Kh7
66. Rg6 Ng7 67. Rxg3 h5 68. f6 1-0

[Event "BL 8182 FH Hamburg-Delmenhorst"]
[Site "?"]
[Date "1981.??.??"]
[Round "?.5"]
[White "Dornieden, M."]
[Black "Schmidt, Wo"]
[Result "1/2-1/2"]
[WhiteElo "2325"]
[BlackElo "2295"]
[PlyCount "130"]
[EventDate "1981.??.??"]

1. g3 d5 2. Bg2 Nf6 3. d3 c6 4. Nd2 Bg4 5. h3 Bh5 6. Ngf3 Bxf3 7. Nxf3 Nbd7 8.
O-O e6 9. c4 Be7 10. Be3 O-O 11. Qc2 Bd6 12. b4 Qe7 13. Rab1 Rfc8 14. Qb3 a6
15. Rfc1 e5 16. a4 d4 17. Bg5 h6 18. Bxf6 Qxf6 19. Nd2 Qe6 20. c5 Qxb3 21. Rxb3
Be7 22. Nc4 Rc7 23. Na5 Rd8 24. Rbb1 g6 25. b5 cxb5 26. Nxb7 Rdc8 27. axb5 axb5
28. c6 b4 29. Rc4 Nb8 30. Na5 Kg7 31. Rbc1 Na6 32. Nb3 Rb8 33. Ra1 Rb6 34. Bf3
Bd6 35. Kg2 Kf6 36. Ra5 Ke7 37. Ra1 Nb8 38. Rac1 Rb5 39. e3 dxe3 40. fxe3 f5
41. R1c2 Ke6 42. g4 Na6 43. gxf5+ gxf5 44. Rh4 Rg7+ 45. Kf1 Rg6 46. Ke2 Nc7 47.
e4 fxe4 48. Bxe4 Rf6 49. d4 Rb6 50. d5+ Ke7 51. Ra2 Ra6 52. Rxa6 Nxa6 53. Kd3
Nc5+ 54. Nxc5 Bxc5 55. Rg4 Bd6 56. Rg1 Rf4 57. Ra1 Bc7 58. Ra8 Rf8 59. Ra7 Kd6
60. Rb7 Rb8 61. Kc4 b3 62. Rxb8 Bxb8 63. Kxb3 Bc7 64. Kc4 Bd8 65. Kd3 h5
1/2-1/2

[Event "BL 8182 FH Hamburg-Delmenhorst"]
[Site "?"]
[Date "1981.??.??"]
[Round "?.7"]
[White "Anbuhl, E."]
[Black "Sack, B."]
[Result "1/2-1/2"]
[WhiteElo "2225"]
[BlackElo "2225"]
[PlyCount "70"]
[EventDate "1981.??.??"]

1. e4 c6 2. d4 d5 3. exd5 cxd5 4. c4 Nf6 5. Nc3 g6 6. Qb3 Bg7 7. cxd5 O-O 8.
Nge2 Nbd7 9. g3 Nb6 10. Bg2 Bf5 11. Nf4 Ne8 12. Be3 Nd6 13. O-O Nbc4 14. Nb5
Na5 15. Qb4 Qb6 16. Bd2 Nxb5 17. Qxa5 Qxa5 18. Bxa5 Bxd4 19. Rad1 Bxb2 20. Rb1
Bxb1 21. Rxb1 Nd6 22. Rxb2 Nc4 23. Rb5 a6 24. Rc5 Nxa5 25. Rxa5 Rac8 26. Ra3
Rfd8 27. Bf3 Rd6 28. Nd3 Rc2 29. Kg2 Kf8 30. h4 h5 31. Ne5 Rc5 32. Rb3 b5 33.
Be4 e6 34. Rf3 f5 35. Nd3 Rc4 1/2-1/2

[Event "BL 8182 Solingen-Bochum"]
[Site "?"]
[Date "1981.??.??"]
[Round "?.2"]
[White "Hecht, H."]
[Black "Budde, V."]
[Result "1/2-1/2"]
[WhiteElo "2460"]
[BlackElo "2355"]
[PlyCount "57"]
[EventDate "1981.??.??"]

1. e4 c5 2. Nf3 e6 3. c3 d5 4. exd5 Qxd5 5. d4 Nf6 6. Bd3 Be7 7. O-O O-O 8. Be3
Nc6 9. dxc5 Rd8 10. Be2 Bxc5 11. Qxd5 Rxd5 12. Bxc5 Rxc5 13. Nbd2 Ne7 14. Rfd1
g6 15. Nc4 Bd7 16. Nd6 Rb8 17. c4 Nc8 18. Ne4 Nxe4 19. Rxd7 Nb6 20. Rd4 Nf6 21.
b4 Rc7 22. Ne5 Kf8 23. Rad1 Ke7 24. g3 Nfd7 25. Nxd7 Nxd7 26. c5 Nf6 27. Bf3 a5
28. a3 axb4 29. axb4 1/2-1/2

[Event "BL 8182 Solingen-Bochum"]
[Site "?"]
[Date "1981.??.??"]
[Round "?.4"]
[White "Dueball, J."]
[Black "Wittmann, R."]
[Result "1-0"]
[WhiteElo "2455"]
[BlackElo "2325"]
[PlyCount "57"]
[EventDate "1981.??.??"]

1. e4 c5 2. Nf3 d6 3. d4 cxd4 4. Nxd4 Nf6 5. Nc3 Nc6 6. f4 Qb6 7. Nb3 e6 8. Bd3
Be7 9. Qf3 d5 10. e5 Nd7 11. Be3 Nc5 12. O-O d4 13. Nxd4 Nxd3 14. Nb3 Qa6 15.
cxd3 Qxd3 16. Rfd1 Qa6 17. Ne4 O-O 18. Nd6 Nb4 19. Nc5 Qc6 20. Nce4 Nd5 21.
Rac1 Qa6 22. Bd4 Rb8 23. f5 Bxd6 24. exd6 exf5 25. Qg3 f6 26. Nxf6+ Nxf6 27.
Bxf6 Rxf6 28. d7 Bxd7 29. Rxd7 1-0

[Event "BL 8182 Solingen-Bochum"]
[Site "?"]
[Date "1981.??.??"]
[Round "?.7"]
[White "Ackermann, H."]
[Black "Westerinen, H."]
[Result "0-1"]
[WhiteElo "2255"]
[BlackElo "2425"]
[PlyCount "188"]
[EventDate "1981.??.??"]

1. e4 e5 2. Nc3 Nf6 3. g3 Bc5 4. Bg2 Nc6 5. Nge2 a6 6. O-O d6 7. h3 Be6 8. d3
Qd7 9. Kh2 h5 10. Nd5 Nd4 11. Nxf6+ gxf6 12. Nxd4 Bxd4 13. c3 Bb6 14. d4 Qe7
15. f4 O-O-O 16. f5 Bd7 17. d5 Kb8 18. h4 c6 19. Qb3 Ba7 20. dxc6 Bxc6 21. c4
Qc7 22. Be3 Bc5 23. a4 Qa5 24. Rfd1 Bxe3 25. Qxe3 Qc5 26. Qc3 a5 27. Rd2 Rhg8
28. Bf3 Rg7 29. Qd3 Rh7 30. b3 Kc7 31. Rad1 b6 32. Qe2 Qb4 33. Rd3 Qc5 34. R1d2
Qb4 35. Kh3 Qc5 36. Rd1 Qb4 37. Rc1 Qa3 38. Qd2 Qb4 39. Rcc3 Bb7 40. Qd1 Qc5
41. Rc2 Kb8 42. Rcd2 Kc7 43. Qe2 Bc6 44. Rc2 Kb8 45. Rcc3 Kc7 46. Re3 Rdh8 47.
Qd1 Bb7 48. Rcd3 Bc6 49. Re2 Rg8 50. Ree3 Rgh8 51. Re1 Qf2 52. Rd2 Qc5 53. Qe2
Rg8 54. Rd3 Rgh8 55. Red1 Rd8 56. Bxh5 Bxe4 57. Qxe4 Rxh5 58. Qf3 Rh7 59. Rd5
Qc6 60. Qc3 Qd7 61. Qd3 Qc6 62. Qd2 Qd7 63. Rf1 Qc6 64. c5 bxc5 65. Qxa5+ Qb6
66. Qxb6+ Kxb6 67. Rfd1 Kc6 68. g4 Rhh8 69. h5 Rd7 70. Kh4 e4 71. a5 e3 72.
R5d3 Re8 73. Re1 Rde7 74. h6 d5 75. Kh5 d4 76. h7 Re4 77. g5 fxg5 78. Kxg5 Rh8
79. Rh1 e2 80. Rdh3 e1=Q 81. Rxe1 Rxe1 82. Kf6 d3 83. Rxd3 Rxh7 84. Rd8 Ra1 85.
Rc8+ Kb5 86. Rb8+ Ka6 87. Ke7 Rxa5 88. f6 Rb5 89. Rc8 Kb7 90. Kd7 Rh3 91. Rc7+
Kb6 92. Rc6+ Ka5 93. Ke7 Rb7+ 94. Kf8 Kb4 0-1

[Event "BL 8182 Solingen-Bochum"]
[Site "?"]
[Date "1981.??.??"]
[Round "?.8"]
[White "Borngaesser, R."]
[Black "Ueter, H."]
[Result "1-0"]
[WhiteElo "2320"]
[BlackElo "2210"]
[PlyCount "101"]
[EventDate "1981.??.??"]

1. e4 c5 2. Nc3 Nc6 3. g3 g6 4. Bg2 Bg7 5. d3 d6 6. Nh3 h5 7. Nf4 h4 8. g4 e5
9. Nfd5 Be6 10. h3 Qd7 11. f4 exf4 12. Bxf4 O-O-O 13. Nb5 Ne5 14. c4 Bxd5 15.
exd5 a6 16. Nc3 f5 17. g5 Ne7 18. O-O Nf7 19. Na4 Kb8 20. Rb1 Be5 21. b4 Bxf4
22. Rxf4 cxb4 23. c5 dxc5 24. Nxc5 Qd6 25. Rfxb4 Qxc5+ 26. d4 Qxb4 27. Rxb4 Nc8
28. d6 Ncxd6 29. Qb3 Rd7 30. Qe6 Rc7 31. Qxg6 Re8 32. Rb2 Ne4 33. Qxf5 Nfxg5
34. Qf4 Ree7 35. Rc2 Rf7 36. Qe5 Rfe7 37. Qh8+ Ka7 38. Rxc7 Rxc7 39. Qxh4 Rc1+
40. Kh2 Rc2 41. Qf4 Rf2 42. Qe3 Nf3+ 43. Qxf3 Rxf3 44. Bxf3 Ng5 45. Bd5 b5 46.
Kg3 Nh7 47. Kf4 Nf6 48. Ke5 Nh5 49. Bf7 Ng3 50. h4 b4 51. h5 1-0

[Event "BL 8182 Kettig-Frankfurt"]
[Site "?"]
[Date "1981.??.??"]
[Round "?.1"]
[White "Lobron, E."]
[Black "Weidemann, J."]
[Result "1-0"]
[WhiteElo "2395"]
[BlackElo "2285"]
[PlyCount "81"]
[EventDate "1981.??.??"]

1. c4 Nf6 2. Nf3 e6 3. g3 b6 4. Bg2 Bb7 5. O-O Be7 6. b3 c5 7. Bb2 O-O 8. e3 d5
9. Qe2 Nc6 10. d3 Qc7 11. Nc3 a6 12. Rac1 Rad8 13. cxd5 Nxd5 14. a3 Qb8 15.
Rfd1 Nf6 16. Na4 Ba8 17. Nd2 Rc8 18. Rc2 Nd7 19. Rdc1 Na7 20. Bxa8 Qxa8 21. Qg4
g6 22. b4 Qd5 23. bxc5 Qxd3 24. Nf3 bxc5 25. Rd2 Qb5 26. Rcd1 Rfd8 27. Qf4 f6
28. Nc3 Qc6 29. Ne4 e5 30. Qh4 Qe6 31. Rd6 Qf5 32. Kg2 Rc6 33. Nxe5 Nxe5 34.
Rxd8+ Kg7 35. R1d5 Qf3+ 36. Kg1 g5 37. Nxg5 fxg5 38. Bxe5+ Kg6 39. Qc4 Bxd8 40.
Rxd8 Qf7 41. Rg8+ 1-0

[Event "BL 8182 Kettig-Frankfurt"]
[Site "?"]
[Date "1981.??.??"]
[Round "?.2"]
[White "Marian, R."]
[Black "Podzielny, K."]
[Result "1/2-1/2"]
[WhiteElo "2250"]
[BlackElo "2405"]
[PlyCount "60"]
[EventDate "1981.??.??"]

1. Nf3 Nf6 2. d4 c5 3. d5 b5 4. c4 bxc4 5. Nc3 g6 6. e4 d6 7. h3 Bg7 8. Bxc4
O-O 9. O-O Nbd7 10. Re1 Rb8 11. Qc2 Qa5 12. Bd2 Ne8 13. Na4 Qc7 14. Rab1 Nb6
15. Nxb6 Qxb6 16. b4 cxb4 17. Rxb4 Qc7 18. Rxb8 Qxb8 19. Bd3 Bd7 20. Rb1 Qa8
21. Qc4 e6 22. dxe6 Bxe6 23. Qa4 Nf6 24. Be3 Nd7 25. Ng5 Nc5 26. Bxc5 dxc5 27.
Nxe6 fxe6 28. Qd7 Qe8 29. Qxe8 Rxe8 30. Kf1 Re7 1/2-1/2

[Event "BL 8182 Kettig-Frankfurt"]
[Site "?"]
[Date "1981.??.??"]
[Round "?.6"]
[White "Sandmeier, T."]
[Black "Fahnenschmidt, G."]
[Result "1-0"]
[WhiteElo "2250"]
[BlackElo "2325"]
[PlyCount "87"]
[EventDate "1981.??.??"]

1. c4 c5 2. Nf3 Nf6 3. g3 b6 4. Bg2 Bb7 5. O-O e6 6. Nc3 Be7 7. a3 O-O 8. Rb1
Nc6 9. d4 Nxd4 10. Nxd4 Bxg2 11. Kxg2 cxd4 12. Qxd4 Qc7 13. b3 a6 14. a4 Rfd8
15. Bb2 d5 16. cxd5 exd5 17. Rbc1 Qb7 18. Kg1 Bc5 19. Qd3 d4 20. Nb1 Ng4 21.
Nd2 Ne3 22. Nf3 Nxf1 23. Rxf1 Re8 24. b4 Be7 25. Bxd4 Rad8 26. Qc3 Bf8 27. Be3
b5 28. axb5 Qxb5 29. Nd4 Qb7 30. Rb1 Rc8 31. Qb3 Rb8 32. Bd2 Qe4 33. e3 Bxb4
34. Bxb4 a5 35. Rc1 Rxb4 36. Qa2 a4 37. Qa3 Rb1 38. Rxb1 Qxb1+ 39. Kg2 Qe4+ 40.
Kh3 Qa8 41. g4 h6 42. Kg3 Qa5 43. Nf5 g6 44. Nd4 {ZÜ} 1-0